000 00594nam a2200181Ia 4500
008 090124s9999 xx 000 0 und d
082 _b108539
100 _aकोल्हटकर अ. ब.
245 _a मराठी साहित्य दर्शन : 9
250 _a1
260 _c1961
300 _a20+120
600 _aकोल्हटकर अ. ब.
630 _a मराठी साहित्य दर्शन : 9
700 _aकोल्हटकर अ. ब.
730 _a मराठी साहित्य दर्शन : 9
942 _cBOOK
999 _c154630
_d154630